Planets in reverse order - Statistics

General Stats
  • This quiz has been taken 14 times
  • The average score is 6 of 8
Answer Stats
Ends in Answer % Correct
E Neptune
100%
Y Mercury
82%
N Saturn
82%
S Uranus
82%
H Earth
73%
R Jupiter
73%
S Mars
73%
S Venus
73%
No matching quizzes found
Score Distribution
Percent of People with Each Score
Percentile by Number Answered
Your Score History
You have not taken this quiz